Culture Générale - Série 2594 - Statistiques

Statistiques générales
  • Ce quiz a été pris 119 fois
  • Le résultat moyen est 4 sur 10
Statistiques - réponses
Question Réponse % Correct
Dans les BD de Lucky Luke quel est le prénom du plus petit des frères Dalton ? Joe
81%
Grande paresse ; envie de ne rien faire - 6 lettres commençant par " f " flemme
72%
Attitude de quelqu'un qui garde son sang-froid, son calme dans toutes les situations - celui des britanniques est bien connu flegme
67%
Dans quel pays est née l'actrice Charlize Theron ? Afrique du Sud
59%
Avoir des vues sur (qqch. que l'on convoite) - 7 lettres commençant par " l " lorgner
39%
De quel département de France la saucisse appelée " diot " est-elle un plat typique ? Savoie
28%
Quel morceau de tissu porté sur les épaules est l'insigne par excellence de la prêtrise ? étole
25%
Quel pays parmi les états africains dispose de la plus grande réserve d'or ? Algérie
20%
Ce terme désigne un chien bâtard ou familièrement un imbécile corniaud
16%
Qu'est-ce qu'un houka ? pipe
2%
Aucun quiz correspondant
Distribution des résultats
% des personnes avec chaque résultat
Percentile par nombre de réponses
Votre historique - résultats
Vous n’avez pas pris ce quiz